Statistiques concernant Youtubeurs de difficulté croissante - Jeu vidéo

Cliquez ici pour prendre le quiz!

Statistiques générales

  • Ce quiz a été pris 512 fois
  • Le résultat moyen est 4 sur 16

Statistiques - réponses

Réponse% Correct
Joueur Du Grenier
99%
Pokémon Trash
53%
Sheshounet
43%
benzaieTV
34%
Usul Master
29%
Iconoclaste
27%
Guillaume & Kim
23%
Monsieur Plouf
19%
Edward
17%
Conkerax
14%
MisterFlech
13%
Kirbendo
12%
PuNkY
8%
Rumble Pad
4%
LeLoup 5.1
3%
Darkaoss
2%

Distribution des résultats

Percentile par nombre de réponses

% des personnes avec chaque résultat

Votre développement - résultats

Vous n’avez pas pris ce quiz